| 000 | 00756nam a2200253 i 4500 | ||
|---|---|---|---|
| 001 | 105949 | ||
| 003 | ES-MaACL | ||
| 005 | 20230906184022.0 | ||
| 007 | t| | ||
| 008 | 060914s1974 fr ||||1| fre d | ||
| 080 | _a94(460)"1931/39" | ||
| 080 | _a94(460)"1939/75" | ||
| 100 | 1 |
_aHermet, Guy. _962749 |
|
| 245 | 1 | 2 |
_aL'Espagne de Franco / _cGuy Hermet. |
| 260 |
_aParis : _bArmand Colin, _c[1974] |
||
| 300 |
_a299 p. ; _c17 cm. |
||
| 490 | 1 |
_aU Prisme ; _v42 |
|
| 500 | _aBiblioteca Juan Andrade. | ||
| 651 | 4 |
_aEspaña- _xHistoria- _y1931-1939, II República. _98283 |
|
| 651 | 4 |
_aEspaña- _xHistoria- _y1939-1975, Dictadura. _9167928 |
|
| 830 | 0 |
_aU Prisme ; _v42 _9232788 |
|
| 852 |
_aES-MaACL _jAND-959 _bR.110247 |
||
| 999 |
_c105949 _d105949 |
||